000 00631nam a2200193 i 4500
001 95586
003 ES-MaACL
005 20230906181733.0
007 t|
008 050531s1977 sp ||||1| spa d
020 _a84-7226-058-5
100 1 _aLledós y Mir, Miguel.
_972749
245 1 0 _aHistoria de la antigua villa, hoy ciudad de Tremp /
_cpor el presbítero D. Miguel Lledós y Mir.
260 _aBarcelona :
_bBarcino,
_c1977.
300 _a595 p., 4 lám. ;
_c23 cm.
534 _pReprod. facsímil de la ed. de:
_cBarcelona : J. Fadella Seix, 1917.
651 4 _aTremp-
_xHistoria.
_9156659
852 _aES-MaACL
_jA-7330
999 _c95586
_d95586